<?xml version="1.0" encoding="UTF-8"?>
<record
    xmlns:xsi="http://www.w3.org/2001/XMLSchema-instance"
    xsi:schemaLocation="http://www.loc.gov/MARC21/slim http://www.loc.gov/standards/marcxml/schema/MARC21slim.xsd"
    xmlns="http://www.loc.gov/MARC21/slim">

  <leader>04939nam a2200361 a 4500</leader>
  <controlfield tag="003">CHAP</controlfield>
  <controlfield tag="005">20250605114207.0</controlfield>
  <controlfield tag="007">ta</controlfield>
  <controlfield tag="008">250124s2024    mx ad||fom||| 001 0 spa d</controlfield>
  <datafield tag="040" ind1=" " ind2=" ">
    <subfield code="e">rda</subfield>
  </datafield>
  <datafield tag="041" ind1=" " ind2=" ">
    <subfield code="a">spa</subfield>
    <subfield code="b">eng</subfield>
  </datafield>
  <datafield tag="100" ind1="1" ind2=" ">
    <subfield code="a">Acosta Ajactle, Carlos Augusto</subfield>
    <subfield code="9">185696</subfield>
  </datafield>
  <datafield tag="240" ind1="1" ind2="0">
    <subfield code="a">Protein separation through aqueous two-phase extraction.</subfield>
    <subfield code="l">Espa&#xF1;ol</subfield>
  </datafield>
  <datafield tag="245" ind1="1" ind2="0">
    <subfield code="a">Separaci&#xF3;n de prote&#xED;nas mediante extracci&#xF3;n acuosa en dos fases</subfield>
    <subfield code="c">Carlos Augusto Acosta Ajactle</subfield>
  </datafield>
  <datafield tag="264" ind1=" " ind2=" ">
    <subfield code="a">Chapingo, M&#xE9;xico :</subfield>
    <subfield code="b">El autor,</subfield>
    <subfield code="c">2024</subfield>
  </datafield>
  <datafield tag="300" ind1=" " ind2=" ">
    <subfield code="a">1 recurso en l&#xED;nea ( viii, 33 p&#xE1;ginas) :</subfield>
    <subfield code="b">ilustraciones, tablas, gr&#xE1;ficas</subfield>
  </datafield>
  <datafield tag="336" ind1=" " ind2=" ">
    <subfield code="2">rdacontent</subfield>
    <subfield code="a">texto</subfield>
    <subfield code="b">txt</subfield>
  </datafield>
  <datafield tag="337" ind1=" " ind2=" ">
    <subfield code="2">rdamedia</subfield>
    <subfield code="a">computadora</subfield>
    <subfield code="b">c</subfield>
  </datafield>
  <datafield tag="338" ind1=" " ind2=" ">
    <subfield code="2">rdacarrier</subfield>
    <subfield code="a">recurso en l&#xED;nea</subfield>
    <subfield code="b">cr</subfield>
  </datafield>
  <datafield tag="502" ind1=" " ind2=" ">
    <subfield code="a">Tesis</subfield>
    <subfield code="b">IA</subfield>
    <subfield code="c">Agroindustrias</subfield>
    <subfield code="d">2024</subfield>
    <subfield code="g">LIC</subfield>
  </datafield>
  <datafield tag="504" ind1=" " ind2=" ">
    <subfield code="a">Bibliograf&#xED;a : p&#xE1;ginas 28-33</subfield>
  </datafield>
  <datafield tag="520" ind1="3" ind2=" ">
    <subfield code="a">Los sistemas bif&#xE1;sicos son una mezcla inmiscible en equilibrio formada por una disoluci&#xF3;n l&#xED;quido-l&#xED;quido de dos pol&#xED;meros o un pol&#xED;mero y una sal en alta presencia de agua. Son &#xFA;tiles en procesos de separaci&#xF3;n de compuestos bioactivos (prote&#xED;nas, antocianinas, pigmentos, entre otros) de acuerdo con su afinidad preferencial por una de las fases en este sistema. El objetivo de este proyecto fue separar pectinasas de residuos de c&#xE1;scara de naranja, para lo cual se suspendi&#xF3; dicha muestra en una soluci&#xF3;n de NaCl 1.25 M, se ajust&#xF3; el pH a 5.5 con NaOH y HCl. Los homogeneizados se agitaron en orbital a 175, 4&#x2DA;C durante 60 min. Se filtr&#xF3; al vac&#xED;o y se centrifug&#xF3; a 13,000 rpm durante 30 min a 4&#x2DA;C. Los sobrenadantes se reconocieron como extractos enzim&#xE1;ticos, se liofilizaron para su an&#xE1;lisis por extracci&#xF3;n acuosa en dos fases, mediante diagramas binodales de fase conformados por polietilenglicol 2000 y fosfato de potasio (monob&#xE1;sico y dib&#xE1;sico). Se evalu&#xF3; el contenido de prote&#xED;na y actividad pectinasa de ambas fases de cada sistema obtenido de la l&#xED;nea principal del diagrama, mediante el uso de curvas est&#xE1;ndar de alb&#xFA;mina de suero bovino y de &#xE1;cido D-galactur&#xF3;nico, respectivamente, a concentraciones de 0.01-0.1 mg mL-1. El mayor contenido de prote&#xED;na se encontr&#xF3; en la parte superior del sistema, rica en pol&#xED;mero, ya que esta forma uniones entre sus hidr&#xF3;genos y los residuos de amino&#xE1;cidos en la superficie de las prote&#xED;nas, restringiendo los cambios conformacionales de estas, aunado al efecto de exclusi&#xF3;n salina que producen las sales, las cuales favorecen la migraci&#xF3;n de las prote&#xED;nas. La mayor actividad enzim&#xE1;tica se encontr&#xF3; en la fase inferior (medio salino). As&#xED;, los sistemas acuosos bif&#xE1;sicos mostraron ser aptos para la separaci&#xF3;n de prote&#xED;nas. </subfield>
  </datafield>
  <datafield tag="520" ind1="3" ind2=" ">
    <subfield code="a">Biphasic systems are an immiscible mixture in equilibrium, formed by a liquid-liquid solution of two polymers or a polymer and a salt in the presence of a high amount of water. These systems are useful for the separation of bioactive compounds (proteins, anthocyanins, pigments, among others) based on their preferential affinity for one of the phases. The objective of this project was to separate pectinases from orange peel residues. The sample was suspended in a 1.25 M NaCl solution, and the pH was adjusted to 5.5 using NaOH and HCl. The homogenized mixture was shaken in an orbital shaker at 175, 4&#xB0;C for 60 minutes. The mixture was vacuum filtered and centrifuged at 13,000 rpm for 30 minutes at 4&#xB0;C. The supernatants were identified as enzymatic extracts and lyophilized for analysis through aqueous two-phase extraction using phase diagrams composed of polyethylene glycol 2000 and potassium phosphate (monobasic and dibasic). Protein content and pectinase activity were evaluated in both phases of each system derived from the main tie-line of the diagram, using standard curves of bovine serum albumin and D-galacturonic acid, respectively, at concentrations of 0.01&#x2013;0.1 mg mL&#x207B;&#xB9;. The highest protein content was found in the upper phase of the system, rich in polymer, as it forms bonds between its hydrogens and the amino acid residues on the protein surfaces, restricting their conformational changes. This was coupled with the salting-out effect caused by the salts, which promote protein migration. The highest enzymatic activity was found in the lower phase (saline medium). Thus, aqueous biphasic systems proved to be suitable for protein separation.</subfield>
  </datafield>
  <datafield tag="650" ind1="1" ind2="3">
    <subfield code="a">C&#xE1;scaras de naranja</subfield>
    <subfield code="2">atg</subfield>
    <subfield code="9">189888</subfield>
  </datafield>
  <datafield tag="650" ind1="1" ind2="3">
    <subfield code="a">Compuestos bioactivos  </subfield>
    <subfield code="2">atg</subfield>
    <subfield code="9">157865</subfield>
    <subfield code="x">Separaci&#xF3;n</subfield>
  </datafield>
  <datafield tag="650" ind1="1" ind2="3">
    <subfield code="a">Orange peels</subfield>
    <subfield code="2">atg</subfield>
    <subfield code="9">189889</subfield>
  </datafield>
  <datafield tag="650" ind1="1" ind2="3">
    <subfield code="a">Bioactive compounds</subfield>
    <subfield code="2">atg</subfield>
    <subfield code="9">189890</subfield>
    <subfield code="x">Separation</subfield>
  </datafield>
  <datafield tag="700" ind1="1" ind2=" ">
    <subfield code="a">Valle Guadarrama, Salvador</subfield>
    <subfield code="9">151202</subfield>
    <subfield code="e">director</subfield>
  </datafield>
  <datafield tag="700" ind1="1" ind2=" ">
    <subfield code="a">Hern&#xE1;ndez Rodr&#xED;guez, Guillermina</subfield>
    <subfield code="9">125766</subfield>
    <subfield code="e">asesora</subfield>
  </datafield>
  <datafield tag="700" ind1="1" ind2=" ">
    <subfield code="a">Vega Ram&#xED;rez, Gabriel</subfield>
    <subfield code="9">135808</subfield>
    <subfield code="e">asesor</subfield>
  </datafield>
  <datafield tag="856" ind1="4" ind2="0">
    <subfield code="y">DESCARGAR PDF</subfield>
    <subfield code="u">http://10.13.5.2/tesis/tl/1910007-8_ACOSTA_AJACTLE_CARLOSAUGUSTO.pdf</subfield>
  </datafield>
  <datafield tag="942" ind1=" " ind2=" ">
    <subfield code="2">Clasificaci&#xF3;n Universidad Aut&#xF3;noma Chapingo</subfield>
    <subfield code="c">TD</subfield>
  </datafield>
  <datafield tag="999" ind1=" " ind2=" ">
    <subfield code="c">220367</subfield>
    <subfield code="d">220367</subfield>
  </datafield>
  <datafield tag="952" ind1=" " ind2=" ">
    <subfield code="0">0</subfield>
    <subfield code="1">0</subfield>
    <subfield code="2">local</subfield>
    <subfield code="4">0</subfield>
    <subfield code="7">0</subfield>
    <subfield code="8">TesDigL</subfield>
    <subfield code="a">IA_</subfield>
    <subfield code="b">IA_</subfield>
    <subfield code="c">E_L</subfield>
    <subfield code="d">2025-01-24</subfield>
    <subfield code="e">El autor</subfield>
    <subfield code="l">0</subfield>
    <subfield code="p">1201015172</subfield>
    <subfield code="r">2025-01-24 09:40:44</subfield>
    <subfield code="w">2025-01-24</subfield>
    <subfield code="y">TD</subfield>
  </datafield>
  <datafield tag="952" ind1=" " ind2=" ">
    <subfield code="0">0</subfield>
    <subfield code="1">0</subfield>
    <subfield code="2">local</subfield>
    <subfield code="4">0</subfield>
    <subfield code="5">1</subfield>
    <subfield code="7">0</subfield>
    <subfield code="8">TesDigL</subfield>
    <subfield code="a">BD</subfield>
    <subfield code="b">BD</subfield>
    <subfield code="c">E_L</subfield>
    <subfield code="d">2025-06-05</subfield>
    <subfield code="l">0</subfield>
    <subfield code="o">Tesis digital</subfield>
    <subfield code="r">2025-06-05 12:41:34</subfield>
    <subfield code="w">2025-06-05</subfield>
    <subfield code="y">TD</subfield>
  </datafield>
</record>
